Departamentos de Santa Cruz - Estadísticas

Estadísticas generales
  • Esta prueba ha sido intentada 33 veces
  • La puntuación promedio es 6 de 7
Estadísticas de respuestas
Hint Respuesta % Correcto
1. Corpen Aike
92%
3. Güer Aike
92%
4. Lago Argentino
92%
5. Lago Buenos Aires
83%
2. Deseado
75%
6. Magallanes
75%
7. Río Chico
58%
No se encontraron pruebas coincidentes
Distribución de puntuación
Porcentaje de gente con cada puntuación
Porcentaje por número respondido
Historial de tus puntuaciones
No has intentado esta prueba.